000 01159cam a2200361 a 4500
001 4019
003 FISKH
005 20250825135835.0
008 991210s2000 nyua b 000 1 eng
010 _a 99089828
020 _a0439188733 (pb)
020 _a9780439188739
040 _aDLC
_cDLC
_dDLC
_beng
042 _alcac
050 0 0 _aPZ7.T3
_bMu 2000
082 0 0 _aPZ7.T3
_221
100 1 _aThaler, Mike,
_d1936-
245 1 4 _aThe music teacher from the Black Lagoon /
_cby Mike Thaler ; pictures by Jared Lee.
260 _aNew York :
_bScholastic,
_c2000.
300 _a32 unnumbered pages :
_bcolor illustrations ;
_c21 cm
505 _aJ
520 _aA boy contemplates all the horrible stories he has heard about the music teacher, Miss LaNote, and the ordeals she forces her students to endure.
521 _a490
_bLexile
521 _aJ
_bRaz-Plus
650 1 _aTeachers
_vFiction.
650 1 _aMusic
_vFiction.
650 1 _aSchools
_vFiction.
650 1 _aHumorous stories.
700 1 _aLee, Jared
_eillustrator
906 _a7
_bcbc
_corignew
_d1
_eocip
_f19
_gy-gencatlg
942 _2ddc
_cBK
_n0
999 _c4019
_d4019